000
00350nam a2200157 4500
008
190521s1997||||CZ d
100
1
_a
Dohnal Jirí
_9
1116
260
_b
KMS
_c
1997
_a
Praha
245
1
0
_a
Operace bez narkózy
250
_a
1.vydanie
020
_c
0
_a
8090196098
041
1
_a
cze
044
_a
CZ
300
_a
119s.
958
_a
AUL
999
_c
22412
_d
22412